|
|
|
|
| LEADER |
01517cas a2200241 a 4500 |
| 001 |
AALejournalIMF010012 |
| 008 |
230101c9999 xx r poo 0 0eng d |
| 020 |
|
|
|c 5.00 USD
|
| 020 |
|
|
|z 9781451955682
|
| 022 |
|
|
|a 1018-5941
|
| 040 |
|
|
|a BD-DhAAL
|c BD-DhAAL
|
| 110 |
2 |
|
|a International Monetary Fund.
|
| 245 |
1 |
0 |
|a Optimal Incentives to Domestic Investment in the Presence of Capital Flight.
|
| 264 |
|
1 |
|a Washington, D.C. :
|b International Monetary Fund,
|c 1989.
|
| 300 |
|
|
|a 1 online resource (22 pages)
|
| 490 |
1 |
|
|a IMF Working Papers
|
| 500 |
|
|
|a <strong>Off-Campus Access:</strong> No User ID or Password Required
|
| 500 |
|
|
|a <strong>On-Campus Access:</strong> No User ID or Password Required
|
| 506 |
|
|
|a Electronic access restricted to authorized BRAC University faculty, staff and students
|
| 520 |
3 |
|
|a This paper develops a model of an open economy which employs distortionary taxes to finance public consumption, and with an access to the world capital market. The paper examines the efficiency of quantity restrictions on capital exports and the accompanying set of taxes. A distinction is made between a benchmark case where the government can fully tax foreign-source income and a more realistic case where the government cannot effectively tax foreign-source income.
|
| 538 |
|
|
|a Mode of access: Internet
|
| 830 |
|
0 |
|a IMF Working Papers; Working Paper ;
|v No. 1989/079
|
| 856 |
4 |
0 |
|z Full text available on IMF
|u http://elibrary.imf.org/view/journals/001/1989/079/001.1989.issue-079-en.xml
|z IMF e-Library
|